[Event "East Lansing (MOR/4)"]
[Site "?"]
[Date "1991.??.??"]
[Round "?"]
[White "Cischke, J."]
[Black "Hill, M."]
[Result "1-0"]
[WhiteElo "1605"]
[BlackElo "1605"]
[PlyCount "85"]
[EventDate "1991.??.??"]

1. e4 e6 2. d4 d5 3. Nc3 Bb4 4. Bd2 c5 5. Bb5+ Bd7 6. exd5 exd5 7. Nf3 Bxb5 8.
Nxb5 Bxd2+ 9. Qxd2 cxd4 10. Qe2+ Ne7 11. O-O O-O 12. Nbxd4 Nbc6 13. Rae1 Re8
14. Qd3 Qd7 15. Nxc6 Qxc6 16. Ng5 Ng6 17. Qf5 f6 18. Nxh7 Nh4 19. Qh5 Rxe1 20.
Rxe1 Qxc2 21. Nxf6+ gxf6 22. Qxd5+ Kf8 23. Qxb7 Re8 24. Qb4+ Kf7 25. Rxe8 Kxe8
26. Qb8+ Kf7 27. Qb3+ Qxb3 28. axb3 Ng6 29. g4 Ke6 30. Kf1 a5 31. Ke2 Ke5 32.
Ke3 Kd5 33. f4 Kc5 34. Ke4 Kb4 35. Kf5 Nxf4 36. Kxf4 Kxb3 37. h4 Kxb2 38. h5 a4
39. h6 a3 40. h7 a2 41. h8=Q a1=Q 42. Qxf6+ Kb1 43. Qxa1+ 1-0

[Event "Ann Arbor (HVA/4/11)"]
[Site "?"]
[Date "1991.??.??"]
[Round "?"]
[White "Christiansen, G."]
[Black "Shelters, Richard"]
[Result "1-0"]
[WhiteElo "1605"]
[BlackElo "1605"]
[PlyCount "101"]
[EventDate "1991.??.??"]

{4/(11)} 1. d4 d5 2. Nf3 Nf6 3. c3 Nc6 4. Nbd2 Bg4 5. e3 e6 6. Bd3 Bd6 7. O-O
e5 8. e4 O-O 9. Qc2 Bh5 10. exd5 Ne7 11. dxe5 Bxe5 12. Nxe5 Qxd5 13. Re1 Ng6
14. Nxg6 fxg6 15. Be4 Nxe4 16. Nxe4 Rae8 17. f3 g5 18. Bxg5 Bg6 19. Bh4 Bxe4
20. fxe4 Qc5+ 21. Kh1 Rf4 22. Bg3 Rg4 23. e5 Re6 24. Qf5 Rgg6 25. Rad1 h6 26.
Bf4 Qc6 27. Rd8+ Kh7 28. Re2 Qb5 29. Qf8 Rg4 30. Rf2 Rxe5 31. Bxe5 Qxe5 32.
Qf5+ Qxf5 33. Rxf5 Kg6 34. Re5 Rf4 35. Kg1 Rf7 36. h4 Kf6 37. Re3 Kg6 38. g4
Rf4 39. Rd4 Rxd4 40. cxd4 Kf7 41. Kf2 g6 42. Re5 Kf6 43. g5+ hxg5 44. hxg5+ Kf7
45. Ke3 b6 46. Kd3 a6 47. d5 Kf8 48. b4 Kf7 49. Kc4 Kf8 50. a4 Kf7 51. a5 1-0

[Event "Ann Arbor (HVA/2/13)"]
[Site "?"]
[Date "1991.??.??"]
[Round "?"]
[White "Christiansen, G."]
[Black "Carpenter, O."]
[Result "0-1"]
[WhiteElo "1605"]
[BlackElo "1605"]
[PlyCount "62"]
[EventDate "1991.??.??"]

{2/(13)} 1. d4 Nf6 2. Nf3 g6 3. e3 Bg7 4. Bd3 d6 5. e4 O-O 6. Nbd2 Re8 7. O-O
Bg4 8. h3 Bxf3 9. Nxf3 Nbd7 10. Re1 e5 11. c3 h6 12. g4 g5 13. Nh2 Nf8 14. Qf3
Ne6 15. Qg3 Nf4 16. Bc2 Qd7 17. h4 Qb5 18. Qf3 c6 19. b3 d5 20. dxe5 Rxe5 21.
Bxf4 gxf4 22. Qxf4 Rae8 23. Nf3 R5e7 24. e5 Nd7 25. g5 Nxe5 26. gxh6 Nxf3+ 27.
Qxf3 Rxe1+ 28. Rxe1 Rxe1+ 29. Kh2 Qf1 30. h7+ Kh8 31. h5 Be5+ 0-1

[Event "East Lansing (MOR/2)"]
[Site "?"]
[Date "1991.??.??"]
[Round "?"]
[White "Choyke, J."]
[Black "Steen, Harold"]
[Result "1-0"]
[WhiteElo "1605"]
[BlackElo "1760"]
[PlyCount "109"]
[EventDate "1991.??.??"]

1. Nf3 Nf6 2. g3 g6 3. Bg2 Bg7 4. O-O O-O 5. d3 d6 6. Nbd2 c5 7. e4 Bg4 8. h3
Bxf3 9. Bxf3 Nbd7 10. a4 Qc7 11. Nc4 Rab8 12. Qe2 a6 13. a5 e5 14. g4 h6 15. h4
Ne8 16. Bg2 f5 17. gxf5 gxf5 18. exf5 Rxf5 19. Bh3 Rf8 20. Qg4 Ndf6 21. Qg2 Kh8
22. Kh1 d5 23. Ne3 Rd8 24. Nf5 Kh7 25. Rg1 Qf7 26. Nxg7 Qxg7 27. Bf5+ Kh8 28.
Qh2 Qf7 29. Bxh6 Rg8 30. Rxg8+ Nxg8 31. Qxe5+ Nef6 32. Bg5 Re8 33. Bxf6+ Nxf6
34. Qc3 Qe7 35. Bg6 d4 36. Qd2 Rg8 37. Qh6+ Nh7 38. Qxh7+ Qxh7 39. Bxh7 Kxh7
40. Rg1 Rf8 41. Rg2 Rf4 42. Kg1 Kh6 43. Rg5 Rxh4 44. Rxc5 Rg4+ 45. Kf1 Rg7 46.
Rc4 Rd7 47. Ke2 Kg5 48. Kf3 Kf5 49. Rc5+ Ke6 50. Ke4 Rd6 51. f4 b6 52. axb6
Rxb6 53. b3 Rd6 54. Rc4 Kf6 55. Rxd4 1-0

[Event "East Lansing (MOR/4)"]
[Site "?"]
[Date "1991.??.??"]
[Round "?"]
[White "Choyke, J."]
[Black "Rosenberg, Steve"]
[Result "0-1"]
[WhiteElo "1605"]
[BlackElo "1770"]
[PlyCount "148"]
[EventDate "1991.??.??"]

1. Nf3 Nf6 2. g3 g6 3. Bg2 Bg7 4. O-O d6 5. d3 O-O 6. Nbd2 e5 7. e4 Nc6 8. c3
Nd7 9. a4 b6 10. b4 a5 11. b5 Ne7 12. d4 Bb7 13. Bb2 Kh8 14. Qb3 Ng8 15. Nh4
Qe7 16. Rfe1 Nh6 17. Nf1 Qf6 18. Rad1 Rfd8 19. Ne3 Qe7 20. Nd5 Bxd5 21. exd5 f6
22. dxe5 fxe5 23. Qc2 Nc5 24. Ba3 Nd7 25. Qxg6 Qxh4 26. Qxh7+ Kxh7 27. gxh4 Nf6
28. Be4+ Nxe4 29. Rxe4 Rg8 30. Kf1 Raf8 31. Ke2 Nf5 32. Rc4 Rf7 33. Rg1 Nh6 34.
Re4 Rgf8 35. Rf1 Rf3 36. Re3 Rxe3+ 37. fxe3 Rxf1 38. Kxf1 Nf5 39. e4 Nxh4 40.
Kf2 Kg6 41. Kg3 Kh5 42. Bc1 Ng6 43. c4 Bf6 44. Bd2 Bg5 45. Bc3 Nf4 46. Bb2 Nd3
47. Bc3 Nc5 48. Kf3 Nxa4 49. Be1 Nc5 50. Bc3 a4 51. Bb4 Bc1 52. Ke2 a3 53. Kd1
Bb2 54. Kc2 Nxe4 55. Kb3 Nc5+ 56. Ka2 e4 57. Bd2 Nd3 58. h3 Nf2 59. Be3 Nxh3
60. Bxb6 cxb6 61. c5 dxc5 62. d6 Bf6 63. Kxa3 e3 64. Kb3 e2 65. Kc4 e1=Q 66.
Kd5 Qe5+ 67. Kc6 Nf4 68. d7 Qd5+ 69. Kc7 Be5+ 70. Kd8 Ne6+ 71. Ke7 Qd6+ 72. Kf7
Ng5+ 73. Ke8 Bf6 74. d8=Q Qxd8# 0-1

[Event "Detroit (HPO/4/2)"]
[Site "?"]
[Date "1991.??.??"]
[Round "?"]
[White "Chehayeb, Sal"]
[Black "Tsemekhman, Vadim"]
[Result "0-1"]
[WhiteElo "2130"]
[BlackElo "2420"]
[PlyCount "68"]
[EventDate "1991.??.??"]

{4/(2)} 1. e4 e6 2. d4 d5 3. Nc3 Bb4 4. a3 Bxc3+ 5. bxc3 dxe4 6. Qg4 Nf6 7.
Qxg7 Rg8 8. Qh6 Rg6 9. Qh4 Nbd7 10. Ne2 c5 11. Ng3 Rg4 12. Qh6 Qc7 13. Bb5 Rg6
14. Qd2 b6 15. O-O Bb7 16. Re1 O-O-O 17. a4 h5 18. Qf4 Qxf4 19. Bxf4 h4 20. Ne2
e3 21. fxe3 Rxg2+ 22. Kf1 Rdg8 23. Red1 Ne4 24. Bg3 Rxe2 25. Bxe2 hxg3 26. hxg3
Rxg3 27. c4 Ndf6 28. Ra3 Ng5 29. Rda1 Nfe4 30. a5 Nd2+ 31. Ke1 Nge4 32. Bh5
Nxc4 33. a6 Ba8 34. Rd3 Rg1+ 0-1

[Event "Flint (MEX/4)"]
[Site "?"]
[Date "1991.??.??"]
[Round "?"]
[White "Chehayeb, Sal"]
[Black "Pence, Mark"]
[Result "0-1"]
[WhiteElo "2095"]
[BlackElo "2060"]
[PlyCount "98"]
[EventDate "1991.??.??"]

1. e4 e5 2. Nf3 Nc6 3. Bb5 a6 4. Ba4 Nf6 5. O-O Be7 6. Re1 b5 7. Bb3 d6 8. c3
O-O 9. h3 Re8 10. d4 Bf8 11. Nbd2 Bb7 12. a4 h6 13. Bc2 exd4 14. cxd4 Nb4 15.
Bb1 c5 16. Ra3 bxa4 17. d5 Nd7 18. Nc4 f5 19. Rae3 fxe4 20. Bxe4 Nf6 21. Bf5
Rxe3 22. Nxe3 Bc8 23. Be6+ Bxe6 24. dxe6 Be7 25. Nf5 Nbd5 26. N3h4 Qb6 27. Ng6
Re8 28. g4 Qb3 29. Nfxe7+ Nxe7 30. Nxe7+ Rxe7 31. Qxd6 Re8 32. Re3 Qb5 33. Rf3
Qe2 34. Re3 Qc4 35. Bd2 Ne4 36. Qf4 Nxd2 37. Qf7+ Kh7 38. Qf5+ Kh8 39. g5 hxg5
40. Qf7 Rb8 41. Rg3 Qf4 42. Qh5+ Kg8 43. e7 Qf7 44. Qe2 Nb3 45. Rxg5 Re8 46.
Qxa6 Qxe7 47. Rh5 Qe1+ 48. Kg2 Qe4+ 49. Kg1 Rd8 0-1

[Event "Flint (MEX/1)"]
[Site "?"]
[Date "1991.??.??"]
[Round "?"]
[White "Chehayeb, Sal"]
[Black "Owens, James"]
[Result "0-1"]
[WhiteElo "2095"]
[BlackElo "2060"]
[PlyCount "84"]
[EventDate "1991.??.??"]

1. e4 c5 2. Nf3 d6 3. d4 cxd4 4. Nxd4 Nf6 5. Nc3 a6 6. Be2 Qc7 7. O-O Nc6 8.
Nb3 b5 9. a4 bxa4 10. Rxa4 Bb7 11. Be3 e6 12. Qa1 Qc8 13. Rd1 Be7 14. Rc4 Qb8
15. Qa4 Qc7 16. Nd5 exd5 17. exd5 Nxd5 18. Rxd5 O-O 19. Rh5 Qd7 20. Rg4 f5 21.
Rg3 Ne5 22. Qxd7 Nxd7 23. Bd4 g6 24. Bc4+ d5 25. Bd3 Bd6 26. Rxf5 Bxg3 27.
Rxf8+ Nxf8 28. hxg3 Ne6 29. Be5 a5 30. f4 Ba6 31. Bxa6 Rxa6 32. g4 a4 33. Nd2
Rc6 34. c3 Nc5 35. c4 dxc4 36. Nxc4 Nd3 37. Nd6 Nxb2 38. Ne4 Nd3 39. Nf6+ Kf7
40. Nxh7 Nxe5 41. fxe5 a3 42. Ng5+ Ke7 0-1

[Event "Detroit (HPO/2/7)"]
[Site "?"]
[Date "1991.??.??"]
[Round "?"]
[White "Chehayeb, Sal"]
[Black "Burg, Dan"]
[Result "1-0"]
[WhiteElo "2130"]
[BlackElo "1845"]
[PlyCount "55"]
[EventDate "1991.??.??"]

{2/(7)} 1. e4 c6 2. d4 d5 3. exd5 cxd5 4. c4 dxc4 5. Bxc4 Nc6 6. Nf3 Bf5 7. Qb3
e6 8. Qxb7 Be4 9. Ne5 Nxe5 10. Bb5+ Nd7 11. Qxe4 Rb8 12. Nc3 Bb4 13. Qd3 Ngf6
14. O-O O-O 15. Bf4 Bxc3 16. bxc3 Rb6 17. Rfe1 Qc8 18. Ba4 Rd8 19. Bc2 Rc6 20.
Bd2 Nb6 21. Re3 Nbd5 22. Rg3 Nb4 23. Qf3 e5 24. Bf5 e4 25. Rxg7+ Kh8 26. Qh3
Qc7 27. Rxh7+ Kg8 28. Rh8+ 1-0

[Event "Detroit (HPO/1/15)"]
[Site "?"]
[Date "1991.??.??"]
[Round "?"]
[White "Carvell, John"]
[Black "Wilson, Vester"]
[Result "0-1"]
[WhiteElo "1605"]
[BlackElo "2065"]
[PlyCount "56"]
[EventDate "1991.??.??"]

{1/(15)} 1. e4 e5 2. Nf3 Nc6 3. Bb5 a6 4. Ba4 Nf6 5. O-O b5 6. Bb3 Be7 7. c3
Nxe4 8. Re1 d5 9. d4 exd4 10. Nxd4 Na5 11. Nc6 Nxc6 12. Qxd5 Nd6 13. Qxc6+ Bd7
14. Qf3 O-O 15. Bf4 c5 16. Nd2 Rc8 17. Bd5 Be6 18. Rxe6 fxe6 19. Bxe6+ Kh8 20.
Bxc8 Nxc8 21. Qe3 Nb6 22. Bg3 Bg5 23. f4 Nd5 24. Qxc5 Nxf4 25. Bxf4 Bxf4 26.
Rf1 Kg8 27. Nf3 Qd3 28. Kh1 Qxf1+ 0-1

[Event "Detroit (HPO/3/34)"]
[Site "?"]
[Date "1991.??.??"]
[Round "?"]
[White "Carvell, John"]
[Black "Pettiford, Darnell"]
[Result "1-0"]
[WhiteElo "1605"]
[BlackElo "1605"]
[PlyCount "85"]
[EventDate "1991.??.??"]

{3/(34)} 1. e4 e6 2. d4 d5 3. Nc3 Bb4 4. e5 c5 5. a3 Bxc3+ 6. bxc3 Qc7 7. Qg4
g6 8. Be2 Ne7 9. Nf3 Bd7 10. a4 cxd4 11. Qxd4 Nf5 12. Qd2 Nc6 13. g4 Ng7 14.
Qh6 O-O 15. Ng5 Rfe8 16. Qxh7+ Kf8 17. Qh8+ Ke7 18. Ba3+ Kd8 19. Nxf7+ Kc8 20.
Qxg7 Nd8 21. Nd6+ Kb8 22. Bb2 Nc6 23. Nxe8 Bxe8 24. Qxc7+ Kxc7 25. f4 Rd8 26.
Bb5 a6 27. Bd3 Rc8 28. Ba3 Kb8 29. Rb1 Ka8 30. Rb6 Nd8 31. Kd2 Ka7 32. Rhb1 Rc7
33. h4 Rf7 34. Bc5 Ka8 35. Ke3 Rc7 36. Bd4 Rh7 37. Bxa6 Bc6 38. Bb5 Bxb5 39.
R1xb5 Rxh4 40. Ra5+ Kb8 41. Rd6 Rh8 42. Ba7+ Kc7 43. Bb6+ 1-0

[Event "Detroit (HPO/4/26)"]
[Site "?"]
[Date "1991.??.??"]
[Round "?"]
[White "Carvell, John"]
[Black "Jointer, William"]
[Result "0-1"]
[WhiteElo "1605"]
[BlackElo "1740"]
[PlyCount "70"]
[EventDate "1991.??.??"]

{4/(26)} 1. e4 c5 2. Nf3 d6 3. d4 cxd4 4. Nxd4 Nf6 5. Nc3 g6 6. Be3 Bg7 7. f3
O-O 8. Qd2 Nc6 9. Bc4 Ne5 10. Bb3 Bd7 11. O-O-O a5 12. a3 Qc7 13. Kb1 Rfb8 14.
h4 b5 15. Bd5 b4 16. Ndb5 Bxb5 17. Nxb5 Rxb5 18. Bxa8 bxa3 19. b3 a4 20. Ka2
axb3+ 21. cxb3 Qb8 22. Bd5 Nxd5 23. exd5 Nc4 24. Qe2 Rxb3 25. Rb1 Rb2+ 26. Rxb2
Nxb2 27. Rb1 Qb4 28. Bc1 Qd4 29. Bxb2 axb2 30. Qxb2 Qxd5+ 31. Qb3 Qd2+ 32. Ka3
Bd4 33. Rd1 Qa5+ 34. Qa4 Qc5+ 35. Kb3 Qc3+ 0-1

[Event "East Lansing (MOR/2)"]
[Site "?"]
[Date "1991.??.??"]
[Round "?"]
[White "Carpenter, O."]
[Black "Nikitin, Mike"]
[Result "0-1"]
[WhiteElo "1605"]
[BlackElo "1630"]
[PlyCount "92"]
[EventDate "1991.??.??"]

1. e4 e6 2. d3 d5 3. Nd2 Nf6 4. Ngf3 c5 5. g3 Nc6 6. c3 Be7 7. Bg2 O-O 8. O-O
e5 9. h3 b5 10. Re1 d4 11. c4 a6 12. a4 b4 13. b3 Bd6 14. Nf1 Bd7 15. Nh4 Qc8
16. Kh2 Na5 17. Rb1 Nc6 18. Nd2 Ra7 19. Ndf3 Re8 20. Bg5 Kh8 21. Bxf6 gxf6 22.
g4 Rg8 23. Qd2 Qf8 24. Rh1 Qg7 25. Kg1 Bf8 26. Kf1 Ne7 27. Ke2 Ng6 28. Nxg6+
fxg6 29. Kd1 Bc8 30. Kc2 Qh6 31. Qxh6 Bxh6 32. Rbe1 Bf4 33. Nh4 Rag7 34. Bf3
Re7 35. Ng2 f5 36. Nxf4 exf4 37. exf5 Rxe1 38. Rxe1 gxf5 39. Bd5 Rf8 40. Re7
fxg4 41. Rf7 Rxf7 42. Bxf7 gxh3 43. Bd5 Bg4 44. Kd2 f3 45. Ke1 h2 46. Kf1 h1=Q#
0-1

[Event "East Lansing (MOR/1)"]
[Site "?"]
[Date "1991.??.??"]
[Round "?"]
[White "Carpenter, O."]
[Black "Miller, David"]
[Result "1/2-1/2"]
[WhiteElo "1605"]
[BlackElo "1635"]
[PlyCount "157"]
[EventDate "1991.??.??"]

1. e4 c5 2. d4 cxd4 3. c3 dxc3 4. Nxc3 d6 5. Bb5+ Bd7 6. Nf3 a6 7. Bc4 e6 8.
O-O Nc6 9. Be3 Be7 10. Qe2 Nf6 11. Na4 b5 12. Nb6 bxc4 13. Nxa8 Qxa8 14. Qxc4
O-O 15. b4 Rc8 16. Qb3 Ne5 17. Nxe5 dxe5 18. f3 Bb5 19. Rfc1 Rxc1+ 20. Rxc1 Qb7
21. Qc3 h6 22. Qc8+ Qxc8 23. Rxc8+ Kh7 24. Bc5 Bxc5+ 25. bxc5 Nd7 26. c6 Nb6
27. Rb8 Bxc6 28. Rxb6 Bb5 29. Rb7 Kg6 30. Kf2 Kf6 31. Kg3 g6 32. f4 exf4+ 33.
Kxf4 e5+ 34. Kg4 Be2+ 35. Kg3 Bc4 36. a3 Kg5 37. Rc7 Bb3 38. Rc6 h5 39. Rxa6
h4+ 40. Kf3 Bd1+ 41. Ke3 f5 42. exf5 gxf5 43. g3 hxg3 44. hxg3 Bc2 45. Ra7 Kf6
46. a4 Ke6 47. a5 Kd6 48. Rf7 Ke6 49. Rc7 Be4 50. a6 Kd6 51. Rg7 Ba8 52. a7 Kc6
53. Rf7 f4+ 54. gxf4 exf4+ 55. Kxf4 Kb6 56. Ke5 Bb7 57. Kd4 Kxa7 58. Kc5 Ka6
59. Rf1 Be4 60. Rf4 Bg2 61. Rb4 Ka7 62. Rb2 Bf3 63. Kd6 Ka6 64. Kc7 Ka5 65. Rf2
Be4 66. Rf4 Bg2 67. Kd6 Kb5 68. Rf2 Be4 69. Re2 Bf3 70. Re3 Bg2 71. Re2 Bf3 72.
Rd2 Kc4 73. Rf2 Bh1 74. Ke5 Bb7 75. Kf4 Kd3 76. Rb2 Bc6 77. Rb6 Ba8 78. Re6 Kd4
79. Re1 1/2-1/2

[Event "Ann Arbor (HVA/1/12)"]
[Site "?"]
[Date "1991.??.??"]
[Round "?"]
[White "Carpenter, O."]
[Black "McCarter, Robert"]
[Result "0-1"]
[WhiteElo "1605"]
[BlackElo "1725"]
[PlyCount "76"]
[EventDate "1991.??.??"]

{1/(12)} 1. e4 c5 2. d4 cxd4 3. c3 Nf6 4. f3 g6 5. cxd4 Bg7 6. Bc4 d6 7. Ne2
O-O 8. Nbc3 a6 9. O-O b5 10. Bd3 b4 11. Na4 Nc6 12. Be3 e6 13. Rc1 Bb7 14. b3
Rc8 15. Qd2 a5 16. Bh6 Ne7 17. Bxg7 Kxg7 18. Rc2 Bc6 19. Rfc1 Bxa4 20. bxa4 Qb6
21. Bb5 Rxc2 22. Rxc2 Nc8 23. Kh1 Na7 24. Bc4 Rc8 25. Bb3 Rc7 26. Qc1 Rxc2 27.
Qxc2 Nc6 28. Qb2 Qa6 29. d5 exd5 30. exd5 Ne5 31. Qc2 Nfd7 32. h3 Nc5 33. Nf4
Qf1+ 34. Kh2 Qe1 35. Qd1 Qe3 36. Ne2 Nxb3 37. axb3 Nd3 38. Qa1+ f6 0-1

[Event "Ann Arbor (HVA/4/14)"]
[Site "?"]
[Date "1991.??.??"]
[Round "?"]
[White "Carpenter, O."]
[Black "Houston, Ryan"]
[Result "0-1"]
[WhiteElo "1605"]
[BlackElo "1605"]
[PlyCount "94"]
[EventDate "1991.??.??"]

{4/(14)} 1. e4 c5 2. d4 cxd4 3. c3 dxc3 4. Nxc3 Nc6 5. Nf3 d6 6. Bb5 Bd7 7. O-O
Nf6 8. Bf4 e5 9. Bg3 a6 10. Bd3 Be7 11. Qe2 O-O 12. a3 Bg4 13. h3 Be6 14. b4 d5
15. exd5 Nxd5 16. Nxd5 Bxd5 17. Rfd1 Bxf3 18. Qxf3 Qc7 19. Qe4 g6 20. Rac1 Rad8
21. Kh1 Rd4 22. Qe3 Rfd8 23. Rd2 Kg7 24. Rxc6 bxc6 25. Bxe5+ Qxe5 26. Qxe5+ Bf6
27. Qe3 h6 28. Kh2 Bg5 29. Qe5+ Kg8 30. Qe2 Bxd2 31. Qxd2 Rxd3 32. Qxh6 Rxa3
33. f4 Rd4 34. Qh4 Ra4 35. Qf6 Raxb4 36. Qxc6 Rxf4 37. Qe8+ Kg7 38. Qe5+ Rf6
39. g4 Rbf4 40. g5 R4f5 41. gxf6+ Rxf6 42. Kg3 g5 43. Qxg5+ Rg6 44. Kg4 Rxg5+
45. Kxg5 a5 46. h4 a4 47. h5 f6+ 0-1

[Event "East Lansing (MOR/6)"]
[Site "?"]
[Date "1991.??.??"]
[Round "?"]
[White "Carpenter, O."]
[Black "Clark, M."]
[Result "1-0"]
[WhiteElo "1605"]
[BlackElo "1605"]
[PlyCount "75"]
[EventDate "1991.??.??"]

1. e4 c5 2. d4 e6 3. Nf3 Nc6 4. Nc3 cxd4 5. Nxd4 a6 6. Nf3 Bc5 7. Be2 d6 8. O-O
Nf6 9. a3 O-O 10. b4 Ba7 11. Bf4 Ne8 12. Qd2 f6 13. Rad1 e5 14. Bc4+ Kh8 15.
Be3 Bxe3 16. Qxe3 f5 17. Qe2 f4 18. Nd5 Be6 19. Rd2 g5 20. Bb3 g4 21. Ne1 f3
22. Qe3 fxg2 23. Nxg2 Rf3 24. Qh6 Ng7 25. Nh4 Bf7 26. Nxf3 gxf3 27. Nf6 Qxf6
28. Qxf6 Bxb3 29. cxb3 Kg8 30. Rxd6 Rf8 31. Qg5 Kh8 32. Kh1 Ne8 33. Rd7 Rg8 34.
Qh6 Rg7 35. Rxg7 Nxg7 36. Rg1 Ne6 37. Qf6+ Ng7 38. Qxg7# 1-0

[Event "East Lansing (MOR/5)"]
[Site "?"]
[Date "1991.??.??"]
[Round "?"]
[White "Carpenter, George"]
[Black "Vangilder, W."]
[Result "1-0"]
[WhiteElo "1605"]
[BlackElo "1605"]
[PlyCount "61"]
[EventDate "1991.??.??"]

1. Nf3 Nf6 2. g3 g6 3. Bg2 Bg7 4. O-O O-O 5. d3 d6 6. Nbd2 e6 7. e4 c5 8. Re1
Nfd7 9. c3 Nc6 10. h4 b5 11. e5 Rb8 12. exd6 Nde5 13. Nxe5 Nxe5 14. Ne4 Qb6 15.
Be3 f5 16. Bxc5 Qa6 17. d4 Nc4 18. d7 Rd8 19. dxc8=Q Rbxc8 20. Be7 Rd7 21. Nf6+
Bxf6 22. Bxf6 Nxb2 23. Qb3 Nc4 24. Re2 Re8 25. Rb1 Na3 26. Rbe1 Kf7 27. d5 Rxd5
28. Bxd5 Nc4 29. Rxe6 Nd2 30. Rxa6+ Kf8 31. Qb4+ 1-0

[Event "Ann Arbor (HVA/3/7)"]
[Site "?"]
[Date "1991.??.??"]
[Round "?"]
[White "Carpenter, George"]
[Black "Turner, P."]
[Result "0-1"]
[WhiteElo "1605"]
[BlackElo "1755"]
[PlyCount "114"]
[EventDate "1991.??.??"]

{3/(7)} 1. Nf3 c5 2. g3 Nc6 3. Bg2 e5 4. d3 d5 5. O-O Nf6 6. Nbd2 Be7 7. c3 O-O
8. e4 d4 9. Nc4 Qc7 10. Bg5 h6 11. Bxf6 Bxf6 12. Re1 b5 13. Ncd2 Be6 14. cxd4
Nxd4 15. Nxe5 Bxe5 16. f4 Bd6 17. e5 Be7 18. Bxa8 Rxa8 19. Nf3 Bg4 20. Rf1
Nxf3+ 21. Rxf3 Qc6 22. Kf2 Qxf3+ 23. Qxf3 Bxf3 24. Kxf3 Rd8 25. Ke4 Rd4+ 26.
Ke3 a5 27. b3 Kf8 28. a3 Bd8 29. a4 bxa4 30. Rxa4 Bb6 31. Rxd4 cxd4+ 32. Ke4
Ke7 33. Kd5 Kd7 34. f5 Ba7 35. e6+ fxe6+ 36. fxe6+ Ke7 37. Ke5 Bb6 38. Kd5 Bc7
39. Kc6 Be5 40. Kb5 Kxe6 41. Kxa5 Bd6 42. b4 Kd5 43. b5 h5 44. b6 h4 45. b7
hxg3 46. hxg3 Bxg3 47. Kb4 g5 48. Kb3 g4 49. Kc2 Kc6 50. Kd2 Kxb7 51. Ke2 Kc6
52. Kf1 Kd5 53. Kg2 Bf4 54. Kg1 Kc5 55. Kf2 Kb4 56. Ke1 Kc3 57. Ke2 Kc2 0-1

[Event "East Lansing (MOR/2)"]
[Site "?"]
[Date "1991.??.??"]
[Round "?"]
[White "Carpenter, George"]
[Black "Munger, Larry"]
[Result "0-1"]
[WhiteElo "1605"]
[BlackElo "1720"]
[PlyCount "76"]
[EventDate "1991.??.??"]

1. Nf3 Nf6 2. g3 g6 3. Bg2 Bg7 4. O-O d6 5. d3 c5 6. Nbd2 Nc6 7. c3 Bd7 8. Re1
Qc7 9. e4 h5 10. Nc4 Bg4 11. h3 Bxf3 12. Bxf3 e5 13. Bg5 O-O-O 14. Ne3 Rdf8 15.
Bxf6 Bxf6 16. Nd5 Qd8 17. a4 Bg7 18. b4 cxb4 19. cxb4 Nd4 20. Rc1+ Kb8 21. Be2
f5 22. Rc7 Ne6 23. Rc4 f4 24. Qc2 fxg3 25. fxg3 Qg5 26. Kg2 Nf4+ 27. Nxf4 exf4
28. g4 Qh4 29. Rh1 Qg3+ 30. Kf1 f3 31. Bd1 hxg4 32. h4 Rxh4 33. Rxh4 Qxh4 34.
Bxf3 Rxf3+ 35. Kg1 Rg3+ 36. Kf1 Qh1+ 37. Kf2 Qh2+ 38. Kf1 Rg1# 0-1

[Event "Ann Arbor (HVA/1/4)"]
[Site "?"]
[Date "1991.??.??"]
[Round "?"]
[White "Carpenter, George"]
[Black "June, Brian"]
[Result "0-1"]
[WhiteElo "1605"]
[BlackElo "1870"]
[PlyCount "88"]
[EventDate "1991.??.??"]

{1/(4)} 1. Nf3 c5 2. d3 d5 3. g3 Nf6 4. Bg2 g6 5. O-O Bg7 6. Nbd2 O-O 7. c3 Nc6
8. Re1 e5 9. e4 d4 10. cxd4 cxd4 11. Nc4 Bg4 12. Qb3 Bxf3 13. Bxf3 Qd7 14. Bg2
Rab8 15. f4 Nh5 16. fxe5 b5 17. Nd2 Nxe5 18. Nf3 Ng4 19. Bh3 Kh8 20. e5 f5 21.
e6 Qe7 22. Bd2 Rfe8 23. Bb4 Qb7 24. Bg2 Ne3 25. Re2 Bf6 26. Nxd4 Nxg2 27. Bc3
b4 28. Rxg2 bxc3 29. bxc3 Bxd4+ 30. cxd4 Qf3 31. Qc3 Qe3+ 32. Kf1 Rbc8 33. Re1
Qf3+ 34. Rf2 Qh1+ 35. Ke2 Rxe6+ 36. Kd1 Rxc3 37. Rxh1 Rxd3+ 38. Rd2 Rxd2+ 39.
Kxd2 Nf6 40. Kd3 Ne4 41. Kc4 Rd6 42. Rd1 Kg7 43. d5 Kf6 44. Kd4 Rxd5+ 0-1

[Event "East Lansing (MOR/7)"]
[Site "?"]
[Date "1991.??.??"]
[Round "?"]
[White "Carpenter, George"]
[Black "Aydar, A."]
[Result "1-0"]
[WhiteElo "1605"]
[BlackElo "1605"]
[PlyCount "67"]
[EventDate "1991.??.??"]

1. Nf3 Nf6 2. g3 g6 3. Bg2 Bg7 4. O-O O-O 5. d3 Nc6 6. Nbd2 d6 7. Re1 Re8 8. c3
b6 9. Nd4 Nxd4 10. Bxa8 Nf5 11. Bg2 e5 12. e4 Nh6 13. Nf3 Bg4 14. Bg5 Qd7 15.
Qd2 Bxf3 16. Bxf3 Nhg4 17. h3 Nxf2 18. Qxf2 Qxh3 19. Qh2 Qd7 20. Bh6 Bh8 21.
Kg2 Qb5 22. Be2 Qxb2 23. Kf3 Qxc3 24. Rh1 c5 25. Bg5 Nh5 26. g4 c4 27. gxh5
cxd3 28. hxg6 dxe2+ 29. Kf2 Qc5+ 30. Be3 e1=Q+ 31. Raxe1 Qc2+ 32. Re2 Qxe4 33.
Qxh7+ Kf8 34. Qxf7# 1-0

[Event "East Lansing (MOR/7)"]
[Site "?"]
[Date "1991.??.??"]
[Round "?"]
[White "Caron, L."]
[Black "Smeckert, Dennis"]
[Result "0-1"]
[WhiteElo "1605"]
[BlackElo "1605"]
[PlyCount "70"]
[EventDate "1991.??.??"]

1. c4 e5 2. Nc3 Bb4 3. e4 Nf6 4. Nf3 d6 5. g3 Bxc3 6. bxc3 Nxe4 7. Qe2 Nf6 8.
d4 e4 9. Bg2 Qe7 10. Be3 Bg4 11. O-O exf3 12. Bxf3 Bxf3 13. Qxf3 Qe4 14. Qxe4+
Nxe4 15. Rac1 O-O 16. f3 Nf6 17. d5 Re8 18. Rfe1 Nbd7 19. Kf2 Ne5 20. Ke2 Nxc4
21. Kd3 Rxe3+ 22. Rxe3 Nxe3 23. Kxe3 Re8+ 24. Kd4 Re2 25. h4 Rxa2 26. Rh1 Rd2+
27. Ke3 Rxd5 28. c4 Re5+ 29. Kd4 Re8 30. g4 Nd7 31. Ra1 Ra8 32. h5 Ne5 33. f4
Nxg4 34. Re1 Kf8 35. Kd5 Nf6+ 0-1

[Event "East Lansing (MOR/2)"]
[Site "?"]
[Date "1991.??.??"]
[Round "?"]
[White "Caron, L."]
[Black "Dyer, Todd"]
[Result "0-1"]
[WhiteElo "1605"]
[BlackElo "1605"]
[PlyCount "98"]
[EventDate "1991.??.??"]

1. c4 e5 2. Nc3 b6 3. g3 Bb7 4. f3 f5 5. e4 fxe4 6. fxe4 Nf6 7. d3 g6 8. Be2
Bg7 9. Nf3 d6 10. O-O O-O 11. Be3 h6 12. Qd2 Ng4 13. h4 Nxe3 14. Qxe3 Nd7 15.
b4 Nf6 16. Qd2 Qd7 17. a3 Qh3 18. Qe1 Nh5 19. Rf2 Nxg3 20. Rh2 Nxe2+ 21. Qxe2
Qxf3 22. b5 Qxe2 23. Nxe2 a6 24. Nc3 Rf3 25. Rd2 Raf8 26. a4 R8f4 27. Kg2 a5
28. Ne2 Rf8 29. Ng1 R3f4 30. Kg3 h5 31. Rh2 Rg4+ 32. Kh3 Bc8 33. Rg2 Rxe4+ 34.
Kh2 Rxh4+ 35. Kg3 Rg4+ 36. Kh2 Rxg2+ 37. Kxg2 Bb7+ 38. Kg3 e4 39. Rd1 Be5+ 40.
Kh3 e3 41. Re1 Bd4 42. Ne2 Be5 43. d4 Bf4 44. Nxf4 Rxf4 45. Rxe3 Rf3+ 46. Rxf3
Bxf3 47. Kh4 Bd1 48. Kg5 Bxa4 49. Kxg6 Bd1 0-1

[Event "East Lansing (MOR/4)"]
[Site "?"]
[Date "1991.??.??"]
[Round "?"]
[White "Caron, L."]
[Black "Austin, Joel"]
[Result "1/2-1/2"]
[WhiteElo "1605"]
[BlackElo "1605"]
[PlyCount "80"]
[EventDate "1991.??.??"]

1. c4 e5 2. Nc3 Nf6 3. d3 Bb4 4. e4 h6 5. Nf3 Nc6 6. g3 d6 7. Bg2 Bg4 8. O-O
O-O 9. Bd2 Nd4 10. Rc1 Nh5 11. h3 Bxf3 12. Bxf3 Nf6 13. a3 Bxc3 14. Bxc3 Qd7
15. Kg2 Nxf3 16. Qxf3 b5 17. b4 bxc4 18. dxc4 Qa4 19. Bb2 Rfe8 20. Rfe1 Rac8
21. c5 a5 22. Rc4 dxc5 23. Rxc5 axb4 24. Rc4 c5 25. Rec1 Qb5 26. axb4 Nd7 27.
h4 Nb6 28. Rxc5 Rxc5 29. Rxc5 Qxb4 30. Ba3 Qd4 31. Rc7 Nd7 32. Qe3 Qxe3 33.
fxe3 Nf6 34. Kf3 Rd8 35. Be7 Rd1 36. Rc8+ Kh7 37. Rf8 Kg6 38. Bxf6 Kxf6 39. Rc8
Rd6 40. Re8 Re6 1/2-1/2

[Event "East Lansing (MOR/2)"]
[Site "?"]
[Date "1991.??.??"]
[Round "?"]
[White "Calton, David A"]
[Black "Walker, Douglas"]
[Result "1-0"]
[WhiteElo "1655"]
[BlackElo "1605"]
[PlyCount "115"]
[EventDate "1991.??.??"]

1. d4 d5 2. Nf3 Nf6 3. e3 Bg4 4. Nbd2 e6 5. Bd3 Bd6 6. O-O Nbd7 7. c3 O-O 8. e4
dxe4 9. Nxe4 Nxe4 10. Bxe4 c6 11. h3 Bxf3 12. Bxf3 Qc7 13. Re1 Nf6 14. Bg5 Nd5
15. Bxd5 cxd5 16. Qg4 Kh8 17. Qf3 Rac8 18. h4 f6 19. Bd2 Qf7 20. h5 h6 21. Bf4
Bxf4 22. Qxf4 Rc6 23. g4 e5 24. dxe5 fxe5 25. Qxf7 Rxf7 26. Rxe5 Rcf6 27. Rf1
Rf4 28. f3 d4 29. cxd4 Rxd4 30. Kg2 Rfd7 31. Kg3 Rd2 32. Rf2 Rxf2 33. Kxf2 Rd2+
34. Re2 Rd7 35. f4 Kg8 36. Kf3 Kf7 37. Rc2 Kf6 38. b3 a6 39. Rc5 Rd3+ 40. Ke4
Rg3 41. Rc7 Rxg4 42. Rxb7 Rh4 43. Rb6+ Kf7 44. Rxa6 Rxh5 45. a4 Rh1 46. b4 Rb1
47. b5 Rb3 48. b6 h5 49. a5 h4 50. Ra7+ Kf6 51. Rc7 Rb5 52. b7 h3 53. a6 h2 54.
Rc1 Rb4+ 55. Kf3 g5 56. fxg5+ Kxg5 57. a7 Rxb7 58. a8=Q 1-0